Górecki, Piotr, 1955-. Parishes, tithes and society in earlier medieval Poland. - Philadelphia : American Philosophical Society. - 1993 [Rezension]

Titel: Górecki, Piotr, 1955-. Parishes, tithes and society in earlier medieval Poland. - Philadelphia : American Philosophical Society. - 1993 [Rezension]
Verfasser:
In: Savigny-Stiftung: Zeitschrift der Savigny-Stiftung für Rechtsgeschichte. Kanonistische Abteilung, Band 112 (1995), Seite 461-464
alle Artikel anzeigen
Veröffentlicht: 1995
Format: Aufsatz
Sprache: Deutsch
Kein Bild verfügbar
X
alg: 39495935
001A    $01999:12-11-16 
001B    $01999:04-08-21 $t21:00:26.000 
001D    $01999:12-11-16 
001U    $0utf8 
001X    $00 
002@    $0Aox 
003@    $0394959353 
007A    $0394959353 $aHEB 
007T    $0Herdd03050 
010@    $ager 
011@    $a1995 
021A    $aGórecki, Piotr, 1955-. Parishes, tithes and society in earlier medieval Poland. - Philadelphia : American Philosophical Society. -  1993 [Rezension] 
028A    $aBrundage $dJames A. 
031A    $d112 $h461-464 $j1995 
039B    $aIn $8--Abvc--Savigny-Stiftung [Tb1]. Zeitschrift der Savigny-Stiftung für Rechtsgeschichte. Kanonistische Abteilung. - Berlin : de Gruyter, 1911-. - ISSN 0323-4142 $x199500001120000539 $9047250232 
039T    $8--Aauc--Górecki, Piotr$Z1955- [Tp3]. Parishes, tithes and society in earlier medieval Poland. - Philadelphia : American Philosophical Society, 1993. - 146 S.. - Kt.. - ISBN 0-87169-832-3 $9026580748 
045F    $a900.9438 $eDDC23BSB 
045F/01 $a900 
045F/03 $g438 
045T    $aINTRECHT $qDE-1a $2FID 
045T    $a2 
045T    $a1 

lok: 39495935 78

exp: 39495935 78 1 #EPN
201B/01 $018-11-16 $t13:16:01.000 
201U/01 $0utf8 
203@/01 $0791257924 
208@/01 $a12-11-16 $be 
209A/01 $a/ $f000 $x00 
220C/01 $aTitelaufnehmer: dt 
244Z/01 $2Trx $#Poola $#Lenkija $#Polija $#Polen Land $#Poland $#Lengyelország $#Poľsko $#Polsko $8--Trx--Polska$gkraj $x01 $9391345966 
244Z/01 $2Trx $#arvustused $#recenzijos $#Reviews $#recenziók $#recenzje $#recenzie $#recenze $8--Trx--Rezensionen $x02 $9391357441 
247C/01 $82080>Marburg/Lahn, Herder-Institut, Forschungsbibliothek, Bibliographieportal $9336309341
LEADER 00000caa a22000002c 4500
001 394959353
003 DE-603
005 20210804210026.0
007 tu
008 161112s1995 xx |||| | u00||u|ger c
035 |a (DE-599)HEB394959353 
040 |a DE-603  |b ger  |c DE-603  |d DE-603 
041 |a ger 
082 0 4 |8 1\u  |a 900.9438  |q DE-101  |2 23/BSB 
084 |a INTRECHT  |q DE-1a  |2 fid 
084 |a 2  |2 ssgn 
084 |a 1  |2 ssgn 
085 |8 1\u  |b 900 
085 |8 1\u  |z 2  |s 438 
100 1 |a Brundage, James A. 
245 0 0 |a Górecki, Piotr, 1955-. Parishes, tithes and society in earlier medieval Poland. - Philadelphia : American Philosophical Society. - 1993 [Rezension] 
264 0 |c 1995 
773 0 8 |i In  |a Savigny-Stiftung  |t Zeitschrift der Savigny-Stiftung für Rechtsgeschichte. Kanonistische Abteilung  |d Berlin : de Gruyter, 1911-  |x 0323-4142  |g Band 112 (1995), Seite 461-464  |w (DE-603)047250232  |w (DE-600)200176-7 
787 0 8 |i Rezension von  |a Górecki, Piotr, 1955-  |t Parishes, tithes and society in earlier medieval Poland  |d Philadelphia : American Philosophical Society, 1993  |h 146 S., Kt.  |z 0871698323  |w (DE-603)026580748 
924 0 |9 2080  |a (DE-603)791257924  |b DE-2080  |c HES  |d d  |g /